| 000 | 00689nam a22001817a 4500 | ||
|---|---|---|---|
| 005 | 20251108164242.0 | ||
| 008 | 250721s1993 xx 000 0 ara d | ||
| 082 | 1 | 4 | _a328.565/ندو |
| 111 | 2 | _aندوة كيف نبني مجلسنا النيابي القادم ( 1993 : عمان ) | |
| 245 | 1 | 0 |
_aكيف نبني مجلسنا النيابي القادم : _bوقائع ندوة دولة السيد طاهر المصري / |
| 264 | 1 |
_aعمان : _bمركز دراسات و أبحاث العمل الإسلامي، _c1993. |
|
| 300 | _a82ص. | ||
| 650 | 1 | 7 | _aالهيئات التشريعية |
| 650 | 1 | 7 | _aالأردن |
| 650 | 1 | 7 | _aالندوات |
| 942 |
_2ddc _cBK |
||
| 999 |
_c7518 _d7518 |
||